Una Paraula Val Més Que Mil Imatges : (Registro nro. 172610)
[ vista simple ]
| 000 -LEADER | |
|---|---|
| fixed length control field | 01028nam a22003131 4500 |
| 001 - CONTROL NUMBER | |
| control field | bslw10044497 |
| 006 - FIXED-LENGTH DATA ELEMENTS--ADDITIONAL MATERIAL CHARACTERISTICS--GENERAL INFORMATION | |
| fixed length control field | m o d |
| 007 - PHYSICAL DESCRIPTION FIXED FIELD--GENERAL INFORMATION | |
| fixed length control field | cr un ---uuuua |
| 008 - FIXED-LENGTH DATA ELEMENTS--GENERAL INFORMATION | |
| fixed length control field | 230412s2023 sp ac ob 000 0 spa d |
| 020 ## - INTERNATIONAL STANDARD BOOK NUMBER | |
| International Standard Book Number | 9788491809906 |
| 035 ## - | |
| -- | 38206 |
| 040 ## - CATALOGING SOURCE | |
| Original cataloging agency | UtOrBLW |
| Language of cataloging | eng |
| Description conventions | rda |
| Transcribing agency | UtOrBLW |
| 050 #4 - | |
| -- | HF5825 |
| -- | .C33 2023 |
| 082 04 - | |
| -- | 659.132 |
| -- | 23 |
| 100 1# - MAIN ENTRY--PERSONAL NAME | |
| Personal name | Caballé May, Jordi, |
| Relator term | author. |
| 245 14 - TITLE STATEMENT | |
| Title | Una Paraula Val Més Que Mil Imatges : |
| Remainder of title | copywriting per persuadir les audiències / |
| Statement of responsibility, etc | Jordi Caballé May. |
| 264 #1 - | |
| -- | Barcelona : |
| -- | Editorial UOC, |
| -- | 2023. |
| 300 ## - PHYSICAL DESCRIPTION | |
| Extent | 1 online resource (133 pages) : |
| Other physical details | color illustrations, portraits |
| 336 ## - | |
| -- | text |
| -- | txt |
| -- | rdacontent |
| 337 ## - | |
| -- | computer |
| -- | c |
| -- | rdamedia |
| 338 ## - | |
| -- | online resource |
| -- | cr |
| -- | rdacarrier |
| 490 1# - SERIES STATEMENT | |
| Series statement | Manuals Ser. ; |
| Volume number/sequential designation | v.136 |
| 504 ## - BIBLIOGRAPHY, ETC. NOTE | |
| Bibliography, etc | Includes bibliographical references. |
| 650 #0 - SUBJECT ADDED ENTRY--TOPICAL TERM | |
| Topical term or geographic name as entry element | Advertising copy. |
| 830 #0 - | |
| -- | Manuals Ser. |
| 856 40 - LOCALIZACIÓN Y ACCESO ELECTRÓNICO | |
| Identificador Uniforme del Recurso (URI/URL) | https://app.vlex.com/#/sources/38206 |
| 942 ## - | |
| -- | RAA |
| 999 ## - | |
| -- | 172610 |
| -- | 172610 |
No hay ítems disponibles.